| 000 | 00526nam a22001577a 4500 | ||
|---|---|---|---|
| 999 |
_c531824 _d531824 |
||
| 020 | _qHard Cover. | ||
| 082 | _a621.3 | ||
| 100 | _aTauseef ur Rehman. | ||
| 245 |
_aEfficient Numerical Method for Solution of L2 Optimal Mass Transport Problem / _cTauseef ur Rehman. |
||
| 260 |
_aIslamabad: _bSEECS - NUST, _c2009. |
||
| 300 |
_a91 p.: ill.; _c30cm. |
||
| 942 |
_2ddc _cTHE |
||
| 650 |
_aElectrical Engineering PHD-Thesis. _917230 |
||
| 700 |
_aAllen Tannenbaum. _924912 |
||